000
00333nam a2200133Ia 4500
008
240624s9999 xx 000 0 und d
041
_a
eng
082
_a
330 JOH
100
_a
JOHNSON MARIANNE
245
_a
ECONOMIC THEORY BY TAUSSIG YOUNG AND CAR
260
_c
2010
_a
India
_b
Emerald
300
_a
v, 190p.; 23 cm
365
_c
_b
30
999
_c
29901
_d
29901